000 00486nab a2200145Ia 4500
003 ES-SlBCS
005 20210601132846.0
008 140529s1955 xxu||||| |||| 00| 0 ita d
041 _aita
100 1 _aFano, Giorgio
_9193600
245 0 0 _aIl problema dell'origine e della natura del linguaggio nel Cratilo platonico
_c Giorgio Fano
650 0 4 _aCratilo de Platón-Lenguaje
_9199569
773 0 _tGiornali di Metafisica
_gvol. 10, nº. 2, 1955, págs. 307-320
_w0017-0372
942 _cAR
999 _c586761
_d586761